Statistics for Things that Alanis Morissette Finds "Ironic"

Click here to take the quiz!

General Stats

  • This quiz has been taken 11,051 times
  • The average score is 7 of 10

Answer Stats

Lyric % Correct
An old man turned ninety-eight / He won the {lottery} and died the next day
96%
A traffic jam when you're already {late}
92%
It's like rain on your {wedding} day
91%
A no-smoking sign on your {cigarette} break
74%
It's a {free} {ride} when you've already paid
73%
It's meeting the man of my dreams and then meeting his {beautiful} {wife}
67%
It's a {death} {row} pardon two minutes too late
62%
It's the {good} {advice} that you just didn't take
61%
It's a black fly in your {Chardonnay}
55%
It's like {ten} {thousand} {spoons} when all you need is a knife
54%

Score Distribution

Percentile by Number Answered

Percent of People with Each Score

Your Score History

You have not taken this quiz